Atrapado sin salida (Registro nro. 13942)
[ vista simple ]
| 000 - LÍDER | |
|---|---|
| campo de control de longitud fija | 00887nam a2200277 i 4500 |
| 005 - FECHA Y HORA DE LA ÚLTIMA TRANSACCIÓN | |
| campo de control | 20210818182038.0 |
| 008 - ELEMENTOS DE DATOS DE LONGITUD FIJA - INFORMACIÓN GENERAL | |
| campo de control de longitud fija | 981124s1984 ck gr 000 1 spa d |
| 020 ## - INTERNATIONAL STANDARD BOOK NUMBER | |
| International Standard Book Number | 8482809040 |
| 040 ## - FUENTE DE CATALOGACIÓN | |
| Agencia de catalogación original | COMFC |
| Lenguaje de catalogación | spa |
| Descripción convenciones | rda |
| 041 1# - CÓDIGO DE LENGUAJE | |
| Código de idioma de texto / pista de sonido o título separado | spa |
| Código de idioma del original | eng |
| 082 04 - NÚMERO DE CLASIFICACIÓN DECIMAL DEWEY | |
| Número de clasificación | 813.5 |
| Número de artículo | K42a |
| 100 1# - ENTRADA PRINCIPAL - NOMBRE PERSONAL | |
| Nombre de la persona | Kesey, Ken, |
| Fechas asociadas a un nombre | 1935-2001. |
| Término del Relator | aut |
| 245 10 - TÍTULO DECLARACIÓN | |
| Título | Atrapado sin salida |
| Declaración de responsabilidad | Ken Kesey ; traducción de Mireia Bofill. |
| 264 01 - AVISO DE PRODUCCIÓN, PUBLICACIÓN, DISTRIBUCIÓN, FABRICACIÓN Y DERECHOS DE AUTOR | |
| Lugar de producción | Bogota |
| Nombre del productor | Oveja Negra |
| Fecha de producción | 1984 |
| 300 ## - DESCRIPCIÓN FÍSICA | |
| Alcance | 303 paginas |
| Dimensiones | 19 cm |
| 336 ## - TIPO DE CONTENIDO | |
| Fuente | rdacontent |
| Tipo de contenido | txt |
| 337 ## - TIPO DE MEDIO | |
| Fuente | rdamedia |
| Término del tipo de medio | n |
| 338 ## - TIPO DE PORTADOR | |
| Fuente | rdacarrier |
| Término del tipo de operador | nc |
| 490 ## - DECLARACIÓN EN SERIE | |
| -- | 53226 |
| Estado de cuenta de la serie | Best Sellers |
| Designación de volumen y secuencia | 4 |
| 534 ## - NOTA DE VERSIÓN ORIGINAL | |
| Frase introductoria | Tt̕ulo original. : |
| Declaración de título del original | One flew over the cuckoo's nest. |
| 650 ## - ENTRADA DE SUJETO AÑADIDO - TÉRMINO TÓPICO | |
| Término tópico o elemento de entrada del nombre geográfico | Novela estadounidense. |
| 650 ## - ENTRADA DE SUJETO AÑADIDO - TÉRMINO TÓPICO | |
| Término tópico o elemento de entrada del nombre geográfico | Enfermos mentales |
| Subdivisión de forma | Novela. |
| 650 #6 - ENTRADA DE SUJETO AÑADIDO - TÉRMINO TÓPICO | |
| Término tópico o elemento de entrada del nombre geográfico | Locura |
| Subdivisión de forma | Novela. |
| 700 1# - ENTRADA AGREGADA - NOMBRE PERSONAL | |
| Nombre de la persona | Bofill Abello, Mireia, |
| Término del Relator | trl |
| 942 ## - ELEMENTOS DE ENTRADA AGREGADOS (KOHA) | |
| Fuente de clasificación o esquema de estanterías | Dewey Decimal Classification |
| Parte de clasificación | 813.5 K42a |
| Prefijo del número de llamada | 813.5 |
| Sufijo del número de llamada | K42a |
| Estado de retirada | Pérdida de estatus | Fuente de clasificación o esquema de estanterías | Estado dañado | No para préstamo | Código de recogida | Ubicación permanente | Ubicación actual | Ubicación de las estanterías | Fecha de adquisición | Total de Cajas | Número Topográfico | Código de barras | Precio efectivo desde | Número de copia | Fecha de la última vez que se vio | Tipo de artículo Koha |
|---|---|---|---|---|---|---|---|---|---|---|---|---|---|---|---|---|
| Dewey Decimal Classification | General | Biblioteca Pública Departamental Comfamiliar Risaralda | Biblioteca Pública Departamental Comfamiliar Risaralda | Área General | 31/08/2018 | 813.5 K42a No. 4 | 1003217 | 31/08/2018 | Ej. 1 | 14/12/2018 | Libro |